=LDR 00000nam 2200000 4500 =001 NUTBA000000000003223 =005 20140807152212.0 =006 =007 =008 =020 ##$$a 602-8520-51-9 =035 ##$$a 0010-081400000000067 =040 ##$$a NBPDMAT =082 ##$$a 372.7 =090 ##$$a 372.7 $b Fac m =100 ##$$a Fachri Al-Jupri =245 ##$$a Matematika seri statistik dan peluang / $c Fachri Al-Jupri =260 ##$$a Jakarta : $b Ghina Walafa, $c 2010 =300 ##$$a v, 50 hlm. : $b ilus. ; $c 25 cm. =500 ##$$a Bibliografi : hlm. 50 =650 ##$$a Matematika SD-Statistik =990 ##$$a 21404352